000 00548nam a22001937a 4500
005 20251108170458.0
008 250721s1998 xx 000 0 ara d
082 1 4 _aم/811.2/خنس
100 1 _aالخنساء، تماضر بنت عمرو
245 1 0 _aديوان الخنساء /
264 _c1998.
300 _a127ص
650 1 7 _aالشعر العربي
650 1 7 _aالعصر العباسي
650 1 7 _aالنقد الأدبي
700 1 _aالطباع، عمر فاروق
_eتحقيق
942 _2ddc
_cREF
999 _c41468
_d41468